[Event "Budimex POL-ch Women 2018"]
[Site "Warsaw"]
[Date "2018.05.18"]
[Round "7"]
[White "Rajlich, Iweta"]
[Black "Warakomska, Anna"]
[Result "1-0"]
[WhiteElo "2389"]
[BlackElo "2295"]
[Annotator "NA"]
[PlyCount "129"]
[EventDate "2018.??.??"]
[EventType "tourn"]
[EventCountry "POL"]
[SourceTitle "playchess.com"]
[Source "ChessBase"]
[SourceQuality "1"]
[TimeControl "40/5400+30:1800+30"]

1. d4 {[%emt 0:00:00]} d5 {[%emt 0:00:31]} 2. Bg5 {[%emt 0:00:00]} Nf6 {[%emt 0:06:23]} 3. Nd2 {[%emt 0:00:49]} c6 {[%emt 0:01:00]} 4. c3 {[%emt 0:00:46]} Bf5 {[%emt 0:06:46] D00: 1 d4 d5: Unusual lines} 5. f3 {[%emt 0:00:40]} (5. Qb3 Qc8 6. Ngf3 Nbd7 7. h3 g6 8. Bf4 Bg7 9. e3 O-O 10. g4 Be4 11. Nxe4 Nxe4 12. Bd3 {1-0 (42) Warakomski,T (2537)-Karpus,M (2328) Bialystok 2017}) 5... Nbd7 {[%emt 0:02:51]} 6. Qb3 {[%emt 0:03:30]} Qb6 {[%emt 0:04:53]} 7. e3 {[%emt 0:01:20]} e6 {[%emt 0:03:48]} 8. g4 {[%emt 0:10:32]} Bg6 {[%emt 0:00:43]} 9. Bf4 {[%emt 0:04:28]} h6 {[%emt 0:07:26]} 10. Ne2 $146 {[%emt 0:01:56]} ({Predecessor:} 10. Kf2 Be7 11. h4 c5 12. Qxb6 axb6 {½-½ (54) Keuchen,M (2144)-Schmidt,J (1913) Hamburg 2007}) 10... c5 {[%emt 0:07:13]} 11. Qxb6 {[%emt 0:01:47]} Nxb6 {[%emt 0:09:16]} 12. Bg3 {[%emt 0:05:21]} Bd3 {[%emt 0:07:51]} 13. Nf4 {[%emt 0:04:13]} Bxf1 {[%emt 0:00:07]} 14. Rxf1 {[%emt 0:01:25]} cxd4 {[%emt 0:02:05]} 15. exd4 {[%emt 0:00:59]} Bd6 {[%emt 0:00:37]} 16. O-O-O {[%emt 0:04:00]} Ke7 {[%emt 0:03:43]} 17. b3 {[%emt 0:02:49]} Rhc8 {[%emt 0:05:55]} 18. Kb2 {[%emt 0:00:27]} Rc6 {[%emt 0:01:06]} 19. Nd3 {[%emt 0:03:05]} Bxg3 {[%emt 0:00:10]} 20. hxg3 {[%emt 0:00:04]} Nbd7 {[%emt 0:02:27]} 21. a4 {[%emt 0:04:32]} a5 {[%emt 0:02:26]} 22. Nb1 {[%emt 0:04:03]} Ne8 {[%emt 0:00:59]} 23. Nf4 {[%emt 0:02:01]} Nd6 {[%emt 0:00:46]} 24. Na3 {[%emt 0:01:29]} Rac8 {[%emt 0:02:07]} 25. Rc1 {[%emt 0:00:26]} Rb6 {[%emt 0:00:40]} 26. Rfe1 {[%emt 0:02:06]} Kf8 {[%emt 0:00:05]} 27. Kc2 {[%emt 0:01:36]} Nf6 {[%emt 0:04:16]} 28. Nd3 {[%emt 0:02:03]} Nd7 {[%emt 0:01:40]} 29. Re3 {[%emt 0:05:45]} Rc7 {[%emt 0:02:53]} 30. Nf4 {[%emt 0:02:09]} Rc8 {[%emt 0:02:17]} 31. Rh1 {[%emt 0:02:47]} Kg8 {[%emt 0:01:42]} 32. Rb1 {[%emt 0:05:42]} Rbc6 {[%emt 0:01:50]} 33. Kd2 {[%emt 0:01:00]} Nb6 {[%emt 0:01:55]} 34. Rc1 {[%emt 0:02:16]} R6c7 {[%emt 0:01:36]} 35. Ree1 {[%emt 0:01:09]} Nd7 {[%emt 0:02:14]} 36. Nd3 {[%emt 0:04:09]} Kf8 {[%emt 0:01:31]} 37. Nb5 {[%emt 0:01:36]} Nxb5 {[%emt 0:00:11]} 38. axb5 {[%emt 0:00:01]} Ke7 {[%emt 0:00:48]} 39. Rc2 {[%emt 0:04:20]} b6 {[%emt 0:02:58]} 40. b4 {[%emt 0:00:00]} axb4 {[%emt 0:01:41]} 41. Nxb4 {[%emt 0:14:18]} Kd6 {[%emt 0:00:04]} 42. Ra1 {[%emt 0:01:28]} e5 $14 {[%emt 0:04:36]} 43. Kd3 {[%emt 0:10:26]} Rc4 {[%emt 0:04:44]} 44. Ra7 {[%emt 0:01:56]} e4+ {[%emt 0:03:26]} 45. fxe4 {[%emt 0:00:09]} dxe4+ {[%emt 0:00:04]} 46. Kd2 {[%emt 0:00:17]} e3+ {[%emt 0:01:43]} 47. Kd3 {[%emt 0:00:09]} e2 {[%emt 0:00:28]} 48. Ra1 {[%emt 0:03:28]} Nf6 {[%emt 0:01:44]} 49. Nc6 {[%emt 0:01:24]} Ra4 {[%emt 0:01:03]} 50. Re1 {[%emt 0:01:17]} Nd5 {[%emt 0:06:17]} 51. Rexe2 {[%emt 0:00:48]} Ra1 {[%emt 0:01:48]} 52. Ra2 {[%emt 0:05:58]} Rg1 {[%emt 0:00:42]} 53. Rg2 {[%emt 0:02:30]} Rd1+ {[%emt 0:02:36]} 54. Rad2 {[%emt 0:00:37]} Rc1 {[%emt 0:00:21]} 55. Rc2 {[%emt 0:00:24]} Re1 {[%emt 0:00:40]} 56. Kd2 {[%emt 0:00:22]} Rb1 {[%emt 0:02:46]} 57. c4 {[%emt 0:00:49]} Nf6 {[%emt 0:00:23]} 58. Re2 {[%emt 0:00:49]} Re8 {[%emt 0:01:45]} 59. Ne5 {[%emt 0:00:29]} Kc7 {[%emt 0:00:44]} 60. Ra2 {[%emt 0:00:20]} Kb7 {[%emt 0:00:23]} 61. Nxf7 {[%emt 0:01:17]} Rxe2+ {[%emt 0:00:03]} 62. Kxe2 {[%emt 0:00:04]} Rg1 {[%emt 0:01:38]} 63. Kf2 {[%emt 0:00:31]} Rc1 {[%emt 0:00:40]} 64. Re2 {[%emt 0:00:33]} Rxc4 {[%emt 0:00:55]} 65. Nd6+ {[%emt 0:00:02]} 1-0

[Event "Budimex POL-ch Women 2018"]
[Site "Warsaw"]
[Date "2018.05.18"]
[Round "7"]
[White "Kulon, Klaudia"]
[Black "Majdan, Joanna"]
[Result "0-1"]
[WhiteElo "2353"]
[BlackElo "2369"]
[Annotator "NA"]
[PlyCount "66"]
[EventDate "2018.??.??"]
[EventType "tourn"]
[EventCountry "POL"]
[SourceTitle "playchess.com"]
[Source "ChessBase"]
[SourceQuality "1"]
[TimeControl "40/5400+30:1800+30"]

1. e4 {[%emt 0:00:00]} c5 {[%emt 0:00:03]} 2. b3 {[%emt 0:00:00]} g6 {[%emt 0:00:52]} 3. Bb2 {[%emt 0:00:20]} Nf6 {[%emt 0:00:04]} 4. Qf3 {[%emt 0:02:32]} d6 {[%emt 0:01:52]} 5. Bb5+ {[%emt 0:00:05]} Nbd7 {[%emt 0:01:48]} 6. Bxf6 {[%emt 0:00:06]} exf6 {[%emt 0:00:07]} 7. Nc3 {[%emt 0:00:03]} a6 {[%emt 0:01:27]} 8. Bxd7+ {[%emt 0:06:57]} Bxd7 {[%emt 0:00:04]} 9. Nge2 {[%emt 0:08:50]} Bg7 {[%emt 0:02:21]} 10. O-O {[%emt 0:01:55]} O-O {[%emt 0:01:17]} 11. Rad1 {[%emt 0:00:13]} f5 {[%emt 0:02:36]} 12. Qg3 {[%emt 0:08:07]} Be6 {[%emt 0:07:25]} 13. d4 {[%emt 0:01:20]} Qa5 {[%emt 0:02:23]} 14. d5 {[%emt 0:07:25]} Bc8 {[%emt 0:00:27]} 15. Rd3 {[%emt 0:06:47]} fxe4 {[%emt 0:02:17]} 16. Nxe4 {[%emt 0:05:15]} Bf5 {[%emt 0:01:11]} 17. Re3 {[%emt 0:08:01]} Bxe4 {[%emt 0:00:23]} 18. Rxe4 {[%emt 0:00:02]} Qxa2 {[%emt 0:00:21]} 19. Qxd6 {[%emt 0:03:24]} Qxc2 {[%emt 0:00:04]} 20. Ng3 {[%emt 0:00:04]} Rad8 {[%emt 0:07:24]} 21. Qb6 {[%emt 0:01:01]} Rxd5 {[%emt 0:00:07]} 22. Rc4 {[%emt 0:01:27]} Qb2 {[%emt 0:08:13]} 23. Qxb7 {[%emt 0:00:05]} Rfd8 {[%emt 0:01:01]} 24. Qb6 {[%emt 0:03:58]} Bd4 {[%emt 0:03:24]} 25. Qb7 {[%emt 0:09:37]} Re5 {[%emt 0:05:10]} 26. Qf3 {[%emt 0:08:05]} Rde8 {[%emt 0:06:20]} 27. Ra4 {[%emt 0:01:41]} R5e6 {[%emt 0:01:05]} 28. Qd3 {[%emt 0:02:56]} Re1 {[%emt 0:03:56]} 29. h4 {[%emt 0:08:10]} Bxf2+ {[%emt 0:00:57]} 30. Kh2 {[%emt 0:00:05]} Bxg3+ {[%emt 0:00:15]} 31. Kh3 {[%emt 0:00:11]} Rxf1 {[%emt 0:00:34]} 32. Qxf1 {[%emt 0:00:02]} Qxb3 {[%emt 0:00:17]} 33. Rxa6 {[%emt 0:00:04]} Bd6+ {[%emt 0:00:14]} 0-1

[Event "Budimex POL-ch Women 2018"]
[Site "Warsaw"]
[Date "2018.05.18"]
[Round "7"]
[White "Sliwicka, Alicja"]
[Black "Kubicka, Anna"]
[Result "1-0"]
[WhiteElo "2261"]
[BlackElo "2219"]
[Annotator "NA"]
[PlyCount "95"]
[EventDate "2018.??.??"]
[EventType "tourn"]
[EventCountry "POL"]
[SourceTitle "playchess.com"]
[Source "ChessBase"]
[SourceQuality "1"]
[TimeControl "40/5400+30:1800+30"]

1. e4 {[%emt 0:00:00]} c5 {[%emt 0:00:12]} 2. Nf3 {[%emt 0:00:00]} d6 {[%emt 0:00:07]} 3. d4 {[%emt 0:00:00]} cxd4 {[%emt 0:00:05]} 4. Nxd4 {[%emt 0:00:00]} Nf6 {[%emt 0:00:09]} 5. Nc3 {[%emt 0:00:00]} a6 {[%emt 0:00:04]} 6. Bg5 {[%emt 0:00:00]} Nbd7 {[%emt 0:00:07]} 7. Qe2 {[%emt 0:00:07] B94: Sicilian Najdorf: 6 Bg5 Nbd7} (7. Bc4 h6 8. Bh4 g6 9. Qe2 e5 10. Nb3 Be7 11. a4 Nb6 12. Bd3 Be6 13. a5 Nbd7 14. Bc4 Rc8 15. Bxe6 fxe6 16. O-O {1-0 (79) Nepomniachtchi,I (2751)-Fedoseev,V (2724) Moscow 2018}) 7... Qc7 {[%emt 0:02:17]} 8. O-O-O {[%emt 0:00:18]} g6 {[%emt 0:01:20]} 9. f4 {[%emt 0:01:31]} e5 {[%emt 0:02:16]} 10. Nb3 $146 {[%emt 0:04:52]} ({Predecessor:} 10. fxe5 dxe5 11. Nf3 h6 12. Bh4 Bb4 13. Nd5 Nxd5 14. exd5 O-O {1-0 (29) Pallas,S (2039)-Gungl,T (2095) Magdeburg 2014}) 10... h6 {[%emt 0:05:19]} 11. Bh4 {[%emt 0:05:39]} Be7 {[%emt 0:12:55]} 12. f5 {[%emt 0:06:11]} gxf5 {[%emt 0:08:01]} 13. exf5 {[%emt 0:00:11]} b5 {[%emt 0:00:29]} 14. g4 {[%emt 0:11:28]} b4 {[%emt 0:07:23]} 15. Bxf6 {[%emt 0:08:42]} Nxf6 {[%emt 0:05:38]} 16. Bg2 {[%emt 0:00:34]} Rb8 {[%emt 0:12:09]} 17. Nd5 {[%emt 0:01:30]} Nxd5 {[%emt 0:01:30]} 18. Bxd5 {[%emt 0:00:14]} a5 {[%emt 0:01:52]} 19. Nd2 {[%emt 0:06:45]} Bg5 {[%emt 0:07:33]} 20. Kb1 {[%emt 0:00:26]} Bxd2 {[%emt 0:00:56]} 21. Qxd2 {[%emt 0:01:58]} a4 {[%emt 0:04:08]} 22. Rhf1 {[%emt 0:03:29]} Rb6 {[%emt 0:03:28]} 23. g5 {[%emt 0:07:10]} hxg5 {[%emt 0:01:27]} 24. Qxg5 {[%emt 0:00:09]} a3 {[%emt 0:05:45]} 25. Qg7 {[%emt 0:07:25]} Rf8 {[%emt 0:02:00]} 26. Rf3 {[%emt 0:09:11]} axb2 {[%emt 0:00:57]} 27. Bb3 {[%emt 0:00:27]} Qb7 {[%emt 0:03:43]} 28. Rdf1 {[%emt 0:03:04]} Qa6 {[%emt 0:04:32]} 29. R1f2 {[%emt 0:02:10]} Rb7 {[%emt 0:00:52]} 30. Qg1 {[%emt 0:04:30]} Rc7 {[%emt 0:01:52]} 31. Rg3 {[%emt 0:01:17]} Rc3 {[%emt 0:02:13]} 32. Kxb2 {[%emt 0:05:35]} Rxg3 {[%emt 0:00:29]} 33. Qxg3 {[%emt 0:00:11]} Qb6 {[%emt 0:00:55]} 34. Rf1 {[%emt 0:02:12]} Qd4+ {[%emt 0:01:33]} 35. Kb1 {[%emt 0:00:34]} Bd7 {[%emt 0:00:54] [#]} 36. Qf3 {[%emt 0:03:11]} (36. f6 $1 $18 Bg4 37. Qg2) 36... e4 {[%emt 0:02:16]} 37. Qe2 {[%emt 0:01:19]} f6 $2 {[%emt 0:00:41]} (37... Bc6 $14) 38. Rd1 {[%emt 0:01:31]} Qe5 {[%emt 0:00:17]} 39. Rd5 {[%emt 0:03:27]} Qf4 {[%emt 0:00:06]} 40. Ra5 {[%emt 0:00:00]} Ke7 {[%emt 0:01:26]} 41. Qh5 $16 {[%emt 0:03:09]} (41. Qg2 $18 {is the precise move to win.} d5 42. Bxd5) 41... Qf2 {[%emt 0:13:41]} 42. a3 {[%emt 0:11:55]} Be8 {[%emt 0:09:16]} 43. Qh7+ {[%emt 0:02:22]} Rf7 {[%emt 0:00:38]} 44. Qg8 {[%emt 0:01:36]} Rf8 {[%emt 0:04:55]} 45. Qe6+ {[%emt 0:00:14]} Kd8 {[%emt 0:00:21]} 46. Qxd6+ {[%emt 0:00:25]} Kc8 {[%emt 0:00:17]} 47. Ra8+ {[%emt 0:00:24]} Kb7 {[%emt 0:00:18]} 48. Bd5+ {[%emt 0:00:07]} 1-0

[Event "Budimex POL-ch Women 2018"]
[Site "Warsaw"]
[Date "2018.05.19"]
[Round "8"]
[White "Socko, Monika"]
[Black "Szczepkowska, Karina"]
[Result "1/2-1/2"]
[WhiteElo "2458"]
[BlackElo "2404"]
[Annotator "TA"]
[PlyCount "154"]
[EventDate "2018.??.??"]
[EventType "tourn"]
[EventCountry "POL"]
[SourceTitle "playchess.com"]
[Source "ChessBase"]
[SourceQuality "1"]

{[%evp 18,154,29,23,42,5,51,0,1,0,17,0,0,-15,-18,-33,-21,-38,-36,-43,-49,-25,-23,-65,-64,-53,-56,-97,-17,-81,-66,-71,-71,-107,-91,-75,-81,-93,-95,-98,-73,-93,-87,-100,-17,-164,-164,-149,-147,-180,-176,-230,-230,-222,-227,-227,-118,-181,-172,-224,-233,-235,-237,-256,-205,-220,-166,-172,-76,-282,-279,-266,-229,-241,-231,-212,0,-430,-318,-542,-197,-137,-76,-76,-76,-76,-76,-76,-76,-76,-76,-76,-76,-76,-76,-76,-76,-76,-76,-76,-76,-76,-76,-76,-76,-76,-52,-52,-52,-52,-52,-60,-52,-60,-30,-30,-20,-28,0,0,0,0,0,0,0,0,0,0,0,0,0,0,0,0,0,0,0,0,0]} 1. d4 Nf6 2. c4 g6 3. Nf3 Bg7 4. g3 c5 5. d5 b5 (5... d6 6. Bg2 O-O 7. O-O e6 8. Nc3 exd5 9. cxd5 a6 10. a4 Re8 11. Re1 Nbd7 12. h3 Rb8 13. Bf4 Qc7 14. a5 b5 15. axb6 Nxb6 16. Rc1 Ne4 17. Nxe4 Rxe4 18. b3 a5 19. Nd2 Rd4 20. e4 Ba6 21. Be3 Rb4 {0-1 (38) Xiong,J (2652)-Vachier Lagrave,M (2795) chess.com INT 2017}) 6. Bg2 {E60: Königsindisch (ohne Sc3)} d6 7. cxb5 Qa5+ 8. Nfd2 Qxb5 9. Nc3 Qa6 10. O-O {LiveBook: 5 Partien} O-O 11. e4 $146 ({Vorgänger:} 11. Re1 Nbd7 12. Qc2 Rb8 {1-0 (43) Bulmaga,I (2394)-Arakhamia Grant,K (2374) Riga 2017}) 11... Ng4 12. a4 Bd7 13. Ra3 c4 14. Nf3 Qc8 15. Bg5 Re8 16. Qe2 Na6 $1 {[%cal Bb8a6,Ba6b4,Bb4d3][%mdl 32]} 17. Rc1 Nb4 18. h3 Ne5 19. Nxe5 Bxe5 20. Nd1 Nd3 21. Rc2 $1 Rb8 $1 $36 {[%mdl 2048] Schwarz drückt.} ({Viel schwächer wäre} 21... Bxh3 $6 22. Ne3 $14) 22. Kh2 Qa6 (22... e6 $1 $17 23. dxe6 Bxe6) 23. a5 (23. Qd2 $1 $11) 23... Bg7 24. Bd2 Nxb2 25. Ne3 Bb5 26. Bc3 Bxc3 27. Rcxc3 Na4 28. Rc1 Rec8 29. Qa2 Qxa5 30. Bf1 a6 (30... Be8 $17 {Schwarz will ...c3 spielen.} 31. Bxc4 Rb4) 31. Nxc4 (31. Ra1 $11) 31... Qb4 $19 32. Rb3 Qc5 ({Ein No Go ist} 32... Bxc4 $6 33. Bxc4 Rxc4 34. Rxb4 $11) 33. Rc2 Qd4 34. Re3 (34. e5 $142) 34... Nb6 $1 35. Nxb6 Rxc2 ({Auf keinen Fall} 35... Qxb6 36. Rb3 $17) 36. Qxc2 Qxb6 (36... Bxf1 $19 37. Na4 Rb4) 37. Bg2 (37. Rb3 $17) 37... a5 38. e5 (38. Qc3 $142) 38... dxe5 39. Rxe5 Qd6 40. Qe4 Rb7 41. h4 Bd3 42. Qd4 {[#]} h5 (42... a4 $1 $19 {[%mdl 512] ist viel giftiger. Und weiter mit ...a3 wäre nett.} 43. Re3 (43. Qxa4 Qxe5) 43... Bc2) 43. Bh3 $2 {[#]} (43. Re3 $17 {war nötig.} Bf5 44. Qa4) 43... a4 $1 {[%mdl 512]} 44. Re3 (44. Qxa4 Qxe5) 44... Bc2 45. Qc3 {Droht Dc8+ und aus.} Rc7 46. Qa5 Bb3 $2 (46... Bd1 $19 {Und ...Tc2 würde nun gewinnen.} 47. Re6 Qc5 48. Qxc5 Rxc5 49. Rxe7 Rxd5) 47. Bg2 $2 {[%mdl 8192]} (47. Qa8+ $11 {und Weiss ist OK.} Kg7 {[#]} 48. Be6 $1 {[%mdl 512]}) 47... Kg7 {Weiss muss nun ...Tc2 beachten.} 48. Qa8 $2 (48. Be4) 48... Rd7 $2 (48... Rc2 49. Qb7 Rxf2 50. Rxb3 axb3 51. Qxb3 Qe5) 49. Rc3 Bxd5 (49... Rd8 $142 50. Qa7 Qb4) 50. Bxd5 $17 Qxd5 51. Qxa4 {[%mdl 4096] Endspiel KDT-KDT} Qf5 52. Qc2 Qf6 (52... Qxc2 {seems wilder.} 53. Rxc2 e6 54. Kg2 Kf6 55. Rc6 Ra7) 53. Rc8 Rb7 {...Tb2 ist eine echte Drohung.} 54. Qc3 Rb2 55. Qxf6+ Kxf6 {KT-KT} 56. Kg2 e5 57. Rc7 Ke6 58. Rc3 f6 59. Rc7 Rb5 60. Rc2 Kf5 61. Ra2 e4 62. Rc2 Ke5 63. Ra2 Rd5 64. Rb2 Kf5 65. Ra2 g5 66. hxg5 fxg5 67. Ra8 h4 68. gxh4 {Die Stellung ist ausgeglichen.} gxh4 69. Kh3 Kf4 70. Kxh4 Rf5 (70... Kf3 {is interesting.} 71. Rf8+ Kg2 72. Kg4 Rd4 73. Rf4 Rd8) 71. Ra3 Rd5 (71... Rf6 {looks sharper.} 72. Kh3 Rg6 73. Ra8 Kf3 74. Rf8+ Ke2) 72. Ra8 Kf3 73. Rf8+ Ke2 74. Rf4 Kd3 75. Kg4 Rd8 76. Rf5 Rd4 77. Kg3 $1 Rd8 {Precision: Weiß = 52%, Schwarz = 49%.} 1/2-1/2

[Event "Budimex POL-ch Women 2018"]
[Site "Warsaw"]
[Date "2018.05.19"]
[Round "8"]
[White "Majdan, Joanna"]
[Black "Bartel, Marta"]
[Result "1-0"]
[WhiteElo "2369"]
[BlackElo "2280"]
[Annotator "TA"]
[PlyCount "121"]
[EventDate "2018.??.??"]
[EventType "tourn"]
[EventCountry "POL"]
[SourceTitle "playchess.com"]
[Source "ChessBase"]
[SourceQuality "1"]

{[%evp 19,121,41,37,31,44,48,69,40,46,-4,22,-24,16,3,17,18,33,11,63,43,35,12,20,14,54,38,37,30,37,37,46,36,61,64,57,56,50,43,37,39,78,55,96,75,120,77,106,43,119,102,150,139,144,143,157,157,157,157,157,164,179,160,164,164,164,157,166,170,170,166,206,206,204,193,225,213,213,206,259,237,294,283,292,225,295,295,292,329,338,330,510,570,552,540,567,545,1134,1020,1091,1098,1042,1044,1020,991]} 1. e4 c5 2. Nf3 e6 3. d4 cxd4 4. Nxd4 a6 5. Bd3 Bc5 6. Nb3 Be7 7. Qg4 g6 8. Qe2 d6 {B42: Sicilian: Kan Variation: 5 Bd3} 9. Be3 (9. O-O Nd7 10. a4 b6 11. Na3 Ngf6 12. Bh6 Bf8 13. Bxf8 Kxf8 14. Nc4 Qc7 15. f4 d5 16. exd5 Nxd5 {1-0 (32) Leko,P (2691)-Svidler,P (2765) Riadh 2017}) 9... Qc7 10. N1d2 Nd7 {LiveBook: 7 Games. White is slightly better.} 11. a4 b6 12. O-O Bb7 13. f4 Ngf6 14. Kh1 $146 ({Predecessor:} 14. c4 a5 15. Bf2 e5 {0-1 (48) Mahindrakar,I (1903)-Dhananjay (2187) Jammu 2015}) 14... O-O 15. Nd4 e5 16. fxe5 Nxe5 17. N4f3 Nfg4 18. Bd4 Nc6 (18... Nd7 $11) 19. Bg1 $14 Nge5 20. Nc4 Nxc4 21. Bxc4 Ne5 22. Nxe5 dxe5 23. b3 Kg7 24. Rad1 Rad8 25. Bd5 Bxd5 26. exd5 a5 27. Qf2 Rd6 28. Rfe1 f6 29. c4 Rc8 30. Rd3 Qd7 31. Qd2 Qf5 32. Rf3 Qd7 33. Rh3 ({White should play} 33. Qe3 $16) 33... Bd8 (33... Kg8 $14) 34. Re4 $36 {[%mdl 2048] Black is under strong pressure.} g5 35. Qf2 Bc7 36. Rf3 Qe8 37. h4 Qg6 38. Rf5 h6 39. Qf3 Re8 40. Be3 Bd8 41. Kg1 {[%cal Bh1g1,Bg1f1,Bf1e2,Be2d3,Bd3c2,Bc2b1,Bb1a2][%mdl 32]} Rd7 42. Kf1 Rd6 43. Ke2 Rd7 44. Kd3 Rd6 45. Kc2 Rd7 46. Kb1 Rd6 47. Ka2 Rd7 48. Qf2 Rd6 49. Bc1 Rd7 50. g4 Kh7 51. Bb2 Kg8 52. Re1 {[%cal Be4e1,Be1h1,Bh1h5][%mdl 32]} Kh7 53. Rh1 ({Don't take} 53. hxg5 $6 hxg5 54. Bc1 Kg7 $16) 53... Kg8 54. Qc2 {[#] Hoping for Rxg5.} ({Not} 54. hxg5 hxg5 55. Bc1 Rb7 $18) 54... Kg7 (54... Rg7 {keeps fighting.} 55. hxg5 hxg5) 55. hxg5 $18 {White is clearly winning.} hxg5 56. Rh5 Bc7 57. Qh2 Rdd8 58. Bc1 Rh8 {[#]} 59. Bxg5 $1 {[%mdl 512]} Rxh5 (59... fxg5 60. Rfxg5) 60. Bxf6+ Qxf6 61. Qxh5 {Precision: White = 73%, Black = 30%.} 1-0

[Event "Budimex POL-ch Women 2018"]
[Site "Warsaw"]
[Date "2018.05.19"]
[Round "8"]
[White "Kulon, Klaudia"]
[Black "Sliwicka, Alicja"]
[Result "1-0"]
[WhiteElo "2353"]
[BlackElo "2261"]
[Annotator "NA"]
[PlyCount "79"]
[EventDate "2018.??.??"]
[EventType "tourn"]
[EventCountry "POL"]
[SourceTitle "playchess.com"]
[Source "ChessBase"]
[SourceQuality "1"]
[TimeControl "40/5400+30:1800+30"]

1. d4 {[%emt 0:00:00]} e6 {[%emt 0:00:06]} 2. Bf4 {[%emt 0:02:20]} d5 {[%emt 0:00:09]} 3. e3 {[%emt 0:00:19]} Nf6 {[%emt 0:00:08]} 4. Bd3 {[%emt 0:00:28]} c5 {[%emt 0:00:11]} 5. c3 {[%emt 0:00:05]} Nc6 {[%emt 0:00:07]} 6. Nd2 {[%emt 0:00:48]} Bd6 {[%emt 0:00:08]} 7. Bg3 {[%emt 0:00:46] D00: Damenbauernspiele} (7. Bxd6 Qxd6 8. f4 Bd7 9. a3 Ne7 10. Ngf3 Qb6 11. Rb1 Bb5 12. Bxb5+ Qxb5 13. Qe2 Qxe2+ 14. Kxe2 Rc8 {1-0 (58) Duda,J (2717)-Dziuba,M (2584) Katowice 2017}) 7... O-O {[%emt 0:00:16]} 8. f4 {[%emt 0:01:50]} Bd7 {[%emt 0:03:32]} 9. Ngf3 $146 {[%emt 0:01:14]} ({Vorgänger:} 9. Nh3 Rb8 10. a4 a6 11. Bh4 Be7 12. O-O b5 13. axb5 axb5 14. dxc5 {½-½ (83) Bellon Lopez,J (2311)-Madebrink,L (2172) Sweden 2017}) 9... Ne7 {[%emt 0:18:00]} 10. Ne5 {[%emt 0:02:43]} a6 {[%emt 0:10:28]} 11. Bh4 {[%emt 0:04:40]} Bb5 {[%emt 0:06:19]} 12. Bc2 {[%emt 0:08:52]} Ng6 {[%emt 0:00:57]} 13. Bg5 {[%emt 0:00:56]} Be7 {[%emt 0:08:31]} 14. h4 {[%emt 0:05:16]} Nd7 {[%emt 0:08:56]} 15. a4 {[%emt 0:04:14]} Bc6 {[%emt 0:03:09]} 16. Nxg6 {[%emt 0:07:15]} hxg6 {[%emt 0:02:23]} 17. Qg4 {[%emt 0:00:20]} Re8 {[%emt 0:14:45]} 18. h5 {[%emt 0:01:23]} Bxg5 {[%emt 0:01:17]} 19. fxg5 {[%emt 0:00:17]} Nf8 {[%emt 0:02:10]} 20. Qh4 {[%emt 0:00:47]} f5 {[%emt 0:01:17]} 21. Nf3 {[%emt 0:04:30]} Kf7 {[%emt 0:02:27]} 22. Ne5+ {[%emt 0:02:37]} Ke7 {[%emt 0:00:01]} 23. hxg6 {[%emt 0:00:06]} Nd7 {[%emt 0:00:38]} 24. Nf7 {[%emt 0:01:23]} Qc7 {[%emt 0:00:25]} 25. O-O-O {[%emt 0:01:09]} b5 {[%emt 0:02:39]} 26. Qh7 {[%emt 0:00:31]} bxa4 27. Qxg7 {[%emt 0:00:21]} a3 {[%emt 0:05:55]} 28. bxa3 {[%emt 0:00:30]} cxd4 {[%emt 0:00:44]} 29. Ne5+ {[%emt 0:00:52]} Kd8 {[%emt 0:00:59]} 30. exd4 {[%emt 0:00:27]} Nxe5 {[%emt 0:01:04]} 31. Qf6+ {[%emt 0:02:21]} Kc8 {[%emt 0:00:41]} 32. Qxe5 {[%emt 0:00:05]} Qxe5 {[%emt 0:00:31]} 33. dxe5 {[%emt 0:00:02]} Rg8 {[%emt 0:00:38]} 34. Rh6 {[%emt 0:01:39]} Be8 {[%emt 0:01:31]} 35. c4 {[%emt 0:01:13]} dxc4 {[%emt 0:02:17]} 36. Rd6 $18 {[%emt 0:00:41]} Ra7 {[%emt 0:02:22]} 37. Rxe6 {[%emt 0:00:45]} Rag7 {[%emt 0:00:44]} 38. Rf6 {[%emt 0:00:50]} f4 {[%emt 0:01:05]} 39. Bf5+ {[%emt 0:03:54]} Kb7 {[%emt 0:00:40]} 40. Be6 {[%emt 0:00:00]} 1-0

[Event "Budimex POL-ch Women 2018"]
[Site "Warsaw"]
[Date "2018.05.19"]
[Round "8"]
[White "Warakomska, Anna"]
[Black "Zawadzka, Jolanta"]
[Result "1/2-1/2"]
[WhiteElo "2295"]
[BlackElo "2424"]
[Annotator "TA"]
[PlyCount "81"]
[EventDate "2018.??.??"]
[EventType "tourn"]
[EventCountry "POL"]
[SourceTitle "playchess.com"]
[Source "ChessBase"]
[SourceQuality "1"]

{[%evp 15,81,-3,-8,0,13,18,25,0,0,0,0,0,29,31,29,23,29,36,61,56,73,67,58,58,54,55,59,34,48,33,52,50,77,62,91,91,103,103,103,61,103,95,103,37,37,37,37,37,37,37,37,37,37,37,37,37,37,0,0,0,0,0,0,0,0,0,0,0]} 1. d4 d5 2. Bf4 Nf6 3. e3 e6 4. Nd2 Bd6 5. Bg3 b6 6. Ngf3 O-O 7. Bd3 Bb7 {D02: Damenbauernspiele} (7... Ba6 8. O-O Bxg3 9. hxg3 c5 10. Rc1 Bxd3 11. cxd3 Nbd7 12. Rc3 Rc8 13. Qa4 cxd4 14. Qxd4 Qe7 15. Rfc1 e5 16. Qa4 Rxc3 17. Rxc3 Nc5 18. Qc2 e4 19. dxe4 dxe4 20. Nd4 Ng4 21. Qd1 {½-½ (21) Berkes,F (2636)-Palac,M (2577) Gjakova 2016}) 8. Ne5 Ne4 {LiveBook: 4 Partien} 9. Qh5 g6 10. Qh6 Qe7 $146 ({Vorgänger:} 10... Qg5 11. Qxg5 Nxg5 12. h4 Ne4 13. Nxe4 dxe4 14. Bc4 Nc6 15. O-O-O {1-0 (43) Ernst,R (2235)-Wielsch,K Baden 1996}) 11. f3 Nxd2 $1 12. Kxd2 f6 13. Ng4 ({Viel schlechter ist} 13. Nxg6 hxg6 14. Qxg6+ (14. Bxd6 cxd6 15. Qxg6+ Qg7 $17) 14... Qg7 $17) 13... f5 14. Ne5 $36 {[%mdl 2048] Weiss kämpft um Vorteil.} Bxe5 15. Bxe5 Nc6 16. Qf4 Rac8 17. h4 a5 18. c3 Nxe5 19. Qxe5 Qf6 20. Qxf6 Rxf6 21. f4 c5 22. g4 {[%cal Bg2g4,Bg4g5][%mdl 32]} Bc6 23. h5 Be8 24. Rag1 Rc7 25. hxg6 Bxg6 26. g5 Rf8 27. Rc1 Kf7 28. Bb5 Ke7 29. b4 (29. b3 $16) 29... axb4 $14 30. cxb4 {[%cal Rd4c5]} Ra8 31. a4 {[%cal Rd4c5]} c4 32. Kc3 Kd6 33. Ra1 Rca7 34. Ra2 Be8 35. Bxe8 Rxe8 {[%mdl 4096] Endspiel KTT-KTT} 36. Rg1 Rg8 {Die Stellung ist ausgeglichen.} 37. Rh1 Rga8 38. Rha1 Rh8 39. Rh1 Rha8 40. Rha1 Rh8 41. Rh1 {Precision: Weiß = 58%, Schwarz = 56%.} 1/2-1/2